| 000 | 00923nam a2200289 a 4500 | ||
|---|---|---|---|
| 003 | AR-BaBNM | ||
| 005 | 20251128203646.0 | ||
| 008 | 082120s2002 ||||||||||||||000 | spa|| | ||
| 040 | _cAR-BaBNM | ||
| 100 | 1 | _aRavera, Alfredo | |
| 245 | 0 | 0 | _aApreciación de los resultados de la acción educativa |
| 250 | _a1ª ed. | ||
| 260 |
_aBuenos Aires _bKapelusz _c1953 |
||
| 300 |
_a181 p. _bdiagr., tablas |
||
| 490 | 0 |
_aBiblioteca de Cultura Pedagógica _vv. 37 |
|
| 500 | _aEl ejemplar cuyo número de inventario es 064216 corresponde a la tercera edición de la obra | ||
| 504 | _aBibliografía: p. 179-181 | ||
| 650 | 4 | _aEVALUACION DEL ALUMNO | |
| 650 | 4 | _aPRUEBAS DE CONOCIMIENTOS | |
| 650 | 4 | _aPRUEBAS DE RENDIMIENTO | |
| 653 | _aEDUCACION PRIMARIA | ||
| 653 | _aEDUCACION INICIAL | ||
| 653 | _aORIENTACION EDUCATIVA | ||
| 800 | 1 |
_aGuillén de Rezzano, Clotilde _edirector |
|
| 942 | _cBK | ||
| 998 | _cSILVI | ||
| 999 |
_c4358 _d4358 |
||